Top 50 Airports - Statistics

General Stats
  • This quiz has been taken 3 times
  • The average score is 2 of 50
Answer Stats
Total Destinations Top Destination Answer % Correct
307 AYT - 17 Flights Daily Istanbul Airport
100%
221 JFK - 21 Flights Daily Heathrow Airport
33%
276 LHR - 13 Flights Daily Paris Charles de Gaulle Airport
33%
210 LIS - 37 Flights Daily Adolfo Suarez Madrid-Barajas Airport
0%
261 LHR - 15 Flights Daily Amsterdam Airport Schiphol
0%
168 JTR - 24 Flights Daily Athens International Airport
0%
205 SHA - 34 Flights Daily Beijing Capital International Airport
0%
164 CAN - 22 Flights Daily Beijing Daxing International Airport
0%
162 FRA - 14 Flights Daily Berlin Brandenburg Airport
0%
173 MAD - 9 Flights Daily Brussels Airport
0%
190 LGA - 15 Flights Daily Charlotte Douglas International Airport
0%
198 WUH - 15 Flights Daily Chengdu Tianfu International Airport
0%
251 LGA - 26 Flights Daily Chicago O'Hare International Airport
0%
178 OSL - 15 Flights Daily Copenhagen Airport
0%
259 IAH - 22 Flights Daily Dallas Fort Worth International Airport
0%
216 PHX - 31 Flights Daily Denver International Airport
0%
264 RUH - 28 Flights Daily Dubai International Airport
0%
191 LHR - 19 Flights Daily Dublin Airport
0%
167 MUC - 13 Flights Daily Dusseldorf Airport
0%
156 LHR - 12 Flights Daily Edinburgh Airport
0%
293 LHR - 16 Flights Daily Frankfurt Airport
0%
183 DFW - 25 Flights Daily George Bush Intercontinental Airport
0%
199 SHA - 36 Flights Daily Guangzhou Baiyun International Airport
0%
181 DXB - 10 Flights Daily Hamad International Airport
0%
170 LAX - 30 Flights Daily Harry Reid International Airport
0%
240 MCO - 26 Flights Daily Hartsfield-Jackson Atlanta International Airport
0%
193 LAX - 25 Flights Daily John F. Kennedy International Airport
0%
216 PMI - 23 Flights Daily Josep Tarradellas Barcelona-El Prat Airport
0%
158 RUH - 59 Flights Daily King Abdulaziz International Airport
0%
233 CTA - 21 Flights Daily Leonardo da Vinci-Fiumicino Airport
0%
203 BCN - 13 Flights Daily London Gatwick Airport
0%
196 DUB - 8 Flights Daily London Stansted Airport
0%
187 SFO - 39 Flights Daily Los Angeles International Airport
0%
157 LGW - 12 Flights Daily Malaga-Costa del Sol Airport
0%
187 DUB - 12 Flights Daily Manchester Airport
0%
193 ATL - 16 Flights Daily Miami International Airport
0%
198 BCN - 13 Flights Daily Milan Malpensa Airport
0%
166 DEN - 22 Flights Daily Minneapolis-Saint Paul International Airport
0%
225 HAM - 14 Flights Daily Munich International Airport
0%
183 LAX - 19 Flights Daily Newark Liberty International Airport
0%
171 ATL - 25 Flights Daily Orlando International Airport
0%
166 BCN - 22 Flights Daily Palma de Mallorca Airport
0%
168 NCE - 17 Flights Daily Paris Orly Airport
0%
232 KIX - 21 Flights Daily Shanghai Pudong International Airport
0%
160 SHA - 40 Flights Daily Shenzhen Bao'an International Airport
0%
157 CPH - 13 Flights Daily Stockholm Arlanda Airport
0%
184 YVR - 28 Flights Daily Toronto Pearson International Airport
0%
193 FRA - 12 Flights Daily Vienna International Airport
0%
165 SZX - 22 Flights Daily Xi'an Xianyang International Airport
0%
200 BER - 9 Flights Daily Zurich Airport
0%
No matching quizzes found
Score Distribution
Percent of People with Each Score
Percentile by Number Answered
Your Score History
You have not taken this quiz